00455 2200181 4500001002100000005001500021008004100036020002200077035001900099041000600118082001400124090001600138245003500154260003200189300002700221500000600248650001900254INLIS00000000000639420241224113301241224||||||||| | ||| |||| ||  a978-602-7932-06-7 0010-1224006394 a00 a525:05:00 a525.5 IND d00aDampak Negatif Perubahan Iklim bNiaga Buku Pendidikanc2013 aIV,60 hlm.:ilus.;25 cm a1 0aDampak Negatif